[Event "40th TCh-GRE 2012"]
[Site "Achaea GRE"]
[Date "2012.07.01"]
[Round "3.2"]
[White "Stathopoulos,I"]
[Black "Kosmas Lekkas,D"]
[Result "1-0"]
[WhiteElo "2181"]
[BlackElo "2167"]

1.d4 Nf6 2.c4 g6 3.Nc3 Bg7 4.e4 d6 5.Nf3 O-O 6.Be2 e5 7.O-O Nc6 8.d5 Ne7
9.Ne1 Nd7 10.Nd3 f5 11.Bd2 Nf6 12.f3 f4 13.c5 g5 14.Rc1 Rf7 15.Nb5 Ne8 16.Ba5 b6
17.cxd6 cxd6 18.Be1 a6 19.Nc3 a5 20.Bf2 Bf8 21.b4 Rg7 22.Na4 Rb8 23.bxa5 bxa5
24.Ndb2 Bd7 25.Nc4 Nc8 26.Be1 h5 27.Bxa5 Qf6 28.Nab6 Nxb6 29.Nxb6 Rxb6 30.Bxb6 g4
31.Ba6 gxf3 32.Rxf3 Qg6 33.Qe2 Nf6 34.Bc8 Bb5 35.Be6+ Kh8 36.Qb2 Qxe4 37.Qxb5 Qxf3
38.Qf1 Qe4 39.Kh1 Be7 40.Rc4 Qg6 41.a4 Ne4 42.Bh3 Bh4 43.Rc8+ Kh7 44.Rf8 Rf7
45.Rxf7+ Qxf7 46.Be6 Qg6 47.a5 Nd2 48.Qc1 f3 49.gxf3 Qd3 50.Qd1 Be1 51.Qxe1 Nxf3
52.Qf2 Qd1+ 53.Kg2  1-0

[Event "20th Montcada Open"]
[Site "Montcada i Reixac ESP"]
[Date "2012.07.01"]
[Round "7.13"]
[White "Bakre,T"]
[Black "Sanchez Jerez,E"]
[Result "1-0"]
[WhiteElo "2482"]
[BlackElo "2255"]

1.Nf3 Nf6 2.c4 g6 3.Nc3 Bg7 4.e4 d6 5.d4 O-O 6.Be2 e5 7.O-O Nc6 8.d5 Ne7
9.Ne1 Nd7 10.Be3 f5 11.f3 f4 12.Bf2 g5 13.g4 fxg3 14.hxg3 Ng6 15.Qd2 h5 16.Be3 Nf4
17.gxf4 exf4 18.Bd4 Ne5 19.Rf2 g4 20.fxg4 Bxg4 21.Bxe5 dxe5 22.Bf3 Rf6 23.Kf1 Rg6
24.Ke2 Qh4 25.Kd1 Bf8 26.Kc2 Bc5 27.Rh2 Qg3 28.Rg2 Qh3 29.Nd3 Be3 30.Qe2 Re8
31.Rf1 Kh7 32.Rh2 Bxf3 33.Rxf3  1-0

[Event "Mukachevo Summer Open"]
[Site "Mukachevo UKR"]
[Date "2012.07.01"]
[Round "9.3"]
[White "Grinev,V"]
[Black "Bernadskiy,V"]
[Result "1/2-1/2"]
[WhiteElo "2395"]
[BlackElo "2473"]

1.d4 Nf6 2.c4 g6 3.Nc3 Bg7 4.e4 d6 5.Nf3 O-O 6.Be2 e5 7.O-O Nc6 8.d5 Ne7
9.b4 a5 10.Ba3 axb4 11.Bxb4 Nd7 12.a4 Bh6 13.Nd2 f5 14.Bd3 b6 15.a5 c5 16.dxc6 Nc5
17.c7 Qxc7 18.axb6 Rxa1 19.Qxa1 Qxb6 20.Bxc5 Qxc5 21.Nb3 Qb6 22.Rb1 Be6 23.c5 Qc6
24.Bb5 Qc7 25.Qa6 Rd8 26.Bc4 Bxc4 27.Qxc4+ Kf8 28.exf5 d5 29.Qa6 Qc6 30.Qxc6 Nxc6
31.fxg6 hxg6 32.Nc1 d4 33.Ne4 d3 34.Nb3 Rb8 35.Nbd2 Rxb1+ 36.Nxb1 Nd4 37.Kf1 Ke7
38.Ke1 Kd7 39.Nbd2 Kc6  1/2-1/2

[Event "Mukachevo Summer Open"]
[Site "Mukachevo UKR"]
[Date "2012.07.01"]
[Round "9.1"]
[White "Nosenko,A"]
[Black "Kozakov,M"]
[Result "0-1"]
[WhiteElo "2517"]
[BlackElo "2481"]

1.d4 Nf6 2.c4 g6 3.Nc3 Bg7 4.e4 d6 5.Nf3 O-O 6.Be2 e5 7.O-O Nc6 8.Be3 Ng4
9.Bg5 f6 10.Bh4 g5 11.Bg3 Nh6 12.d5 Ne7 13.b4 Ng6 14.Rc1 Nf4 15.Nd2 f5 16.exf5 Bxf5
17.Nde4 Bg6 18.c5 Nf5 19.Bxf4 exf4 20.Bh5 Qe8 21.Bxg6 Qxg6 22.Qg4 h6 23.Rfe1 Rae8
24.h3 h5 25.Qd1 g4 26.hxg4 hxg4 27.cxd6 cxd6 28.Nb5 g3 29.Qc2 Qh6  0-1

[Event "II Holuj-Radzikowski Mem"]
[Site "Warsaw POL"]
[Date "2012.07.02"]
[Round "1.1"]
[White "Batsiashvili,N"]
[Black "Wisniowska,K"]
[Result "1-0"]
[WhiteElo "2434"]
[BlackElo "2165"]

1.d4 Nf6 2.c4 g6 3.Nc3 Bg7 4.e4 d6 5.Nf3 O-O 6.Be2 e5 7.O-O Nc6 8.d5 Ne7
9.Ne1 Nd7 10.Nd3 f5 11.f3 f4 12.Bd2 h5 13.Rc1 g5 14.c5 dxc5 15.b4 cxb4 16.Nb5 c6
17.d6 Qb6+ 18.Nf2 Nd5 19.Qb3 Kh8 20.exd5 cxb5 21.Qxb4 Nf6 22.Qxb5 Qd4 23.Bc3 Qe3
24.Rfe1 a6 25.Qb2 Qa7 26.Bxe5 g4 27.Bd4 Ne8 28.Bxg7+ Nxg7 29.Rc7 Rg8 30.Qf6 Bf5
31.Qh6+  1-0

[Event "40th TCh-GRE 2012"]
[Site "Achaea GRE"]
[Date "2012.07.03"]
[Round "5.1"]
[White "Stathopoulos,I"]
[Black "Tzouganakis,P"]
[Result "1/2-1/2"]
[WhiteElo "2181"]
[BlackElo "2096"]

1.d4 Nf6 2.c4 g6 3.Nc3 Bg7 4.e4 d6 5.Nf3 O-O 6.Be2 e5 7.O-O Nc6 8.d5 Ne7
9.b4 a5 10.bxa5 Ne8 11.a4 f5 12.Ba3 Nf6 13.Nd2 Bh6 14.Bf3 Bxd2 15.Qxd2 f4
16.Be2 g5 17.f3 h5 18.c5 Ng6 19.Nb5 Ne8 20.cxd6 cxd6 21.Rac1 g4 22.Rxc8 Rxc8
23.fxg4 hxg4 24.Bxg4 Rc4 25.Bf5 Nh4 26.Be6+ Kg7 27.g3 Ng6 28.Bf5 Rxa4 29.gxf4 Rxf5
30.exf5 Nxf4 31.Kh1 Qxa5 32.Qxa5 Rxa5 33.Nxd6 Nxd6 34.Bxd6 Kf6 35.Rb1 Rxd5
36.Ba3 Kxf5 37.Kg1 b5 38.Bb4 Ke4 39.Kf2 Nd3+ 40.Ke2 Rd4 41.Bc3 Rc4 42.Bxe5 Nxe5
43.Rxb5 Rc2+ 44.Kf1 Rxh2 45.Rb4+ Ke3 46.Rb3+ Nd3 47.Kg1 Rd2 48.Rb8 Kf3 49.Rc8 Ne5
50.Rf8+ Kg3 51.Rg8+ Ng4 52.Kf1 Ra2 53.Ke1 Kf3 54.Rf8+ Ke4 55.Re8+ Ne5 56.Kd1 Kd3
57.Rd8+ Kc3 58.Rc8+ Nc4 59.Ke1 Rb2 60.Kf1 Kd3 61.Rd8+ Ke4 62.Re8+ Ne5 63.Ke1 Ra2
64.Kd1 Kd3 65.Rd8+ Ke3 66.Re8 Rd2+ 67.Kc1 Rd5 68.Kc2 Kd4 69.Rc8 Nd7 70.Rh8 Rc5+
71.Kd2 Nf6 72.Rd8+ Nd5 73.Rh8 Ra5 74.Rh4+ Ke5  1/2-1/2

[Event "35th Barbera Open A"]
[Site "Barbera del Valles ESP"]
[Date "2012.07.04"]
[Round "1.40"]
[White "Fenollar Jorda,M"]
[Black "Medina de Baets,V"]
[Result "1-0"]
[WhiteElo "2354"]
[BlackElo "1978"]

1.d4 Nf6 2.c4 g6 3.Nc3 Bg7 4.e4 d6 5.Nf3 O-O 6.Be2 e5 7.O-O Nc6 8.d5 Ne7
9.b4 a5 10.Ba3 axb4 11.Bxb4 b6 12.a4 Ne8 13.a5 bxa5 14.Rxa5 Rxa5 15.Bxa5 f5
16.Qb3 Kh8 17.Qb8 Bf6 18.Nb5 fxe4 19.Nd2 Ng8 20.Bxc7 Nxc7 21.Qxc7 Qxc7 22.Nxc7 Bf5
23.Nb5 Bg5 24.Nb3 e3 25.f3 Rb8 26.Nxd6 Rxb3 27.Nf7+ Kg7 28.Nxg5 Bd3 29.Bxd3 Rxd3
30.Ne4 Ne7 31.g4 Nc8 32.Rc1 e2 33.Re1 Rd4 34.Rxe2 Rxc4 35.Rb2 Rc7 36.d6 Rd7
37.Rc2 Nb6 38.Rc6 Nd5 39.Nc5 Ne7 40.Ra6  1-0

[Event "8th RUS-CHN Summit Women Classical"]
[Site "St Petersburg RUS"]
[Date "2012.07.04"]
[Round "3"]
[White "Girya,O"]
[Black "Ju Wenjun"]
[Result "1/2-1/2"]
[WhiteElo "2414"]
[BlackElo "2518"]

1.d4 Nf6 2.Nf3 g6 3.c4 Bg7 4.Nc3 O-O 5.e4 d6 6.Be2 e5 7.O-O Nc6 8.d5 Ne7
9.b4 Nh5 10.g3 f5 11.Ng5 Nf6 12.Bf3 fxe4 13.Ncxe4 Nf5 14.Bg2 Nd4 15.Bb2 Nxe4
16.Nxe4 g5 17.Qd2 h6 18.f4 gxf4 19.gxf4 Bg4 20.fxe5 dxe5 21.Rxf8+ Qxf8 22.Rf1 Qe7
23.c5 Rf8 24.Rxf8+ Qxf8 25.Bxd4 exd4 26.d6 c6 27.Nf2 Bd7 28.Be4 Qe8 29.Qf4 Qh5
30.Qg3 Kf7 31.Bf3 Qg5 32.Qxg5 hxg5 33.b5 d3 34.Nxd3 Bf5 35.bxc6 bxc6 36.Nb4 Bd4+
37.Kg2 Bxc5 38.Nxc6 Bxd6 39.Nxa7 Bd7 40.Bc6 Bc5 41.Bxd7 Bxa7 42.Kf3 Ke7 43.Bf5 Kd6
44.Ke4  1/2-1/2

[Event "FSGM July 2012"]
[Site "Budapest HUN"]
[Date "2012.07.07"]
[Round "1.2"]
[White "Farago,I"]
[Black "Toth,E"]
[Result "1/2-1/2"]
[WhiteElo "2489"]
[BlackElo "2477"]

1.d4 Nf6 2.c4 g6 3.Nc3 Bg7 4.e4 d6 5.Be2 O-O 6.Nf3 e5 7.O-O Nc6 8.d5 Ne7
9.b4 a5 10.Ba3 Nd7 11.bxa5 Rxa5 12.Bb4 Ra8 13.a4 Nc5 14.Bxc5 dxc5 15.a5 Ra6
16.Nd2 Bd7 17.Nb3 b6 18.d6 cxd6 19.Qxd6 Nc8 20.Qd2 Be6 21.Qxd8 Rxd8 22.Nd5 Bf8
23.axb6 Rxa1 24.Rxa1 Bxd5 25.cxd5 Nxb6 26.Nd2  1/2-1/2

[Event "35th Barbera Open A"]
[Site "Barbera del Valles ESP"]
[Date "2012.07.08"]
[Round "5.23"]
[White "Fenollar Jorda,M"]
[Black "Jareno Badenas,A"]
[Result "1-0"]
[WhiteElo "2354"]
[BlackElo "2002"]

1.d4 Nf6 2.c4 g6 3.Nc3 Bg7 4.e4 d6 5.Nf3 O-O 6.Be2 e5 7.O-O Nc6 8.d5 Ne7
9.b4 Nh5 10.g3 f5 11.Ng5 Nf6 12.Bf3 f4 13.Ba3 h6 14.Ne6 Bxe6 15.dxe6 Qe8
16.c5 dxc5 17.bxc5 c6 18.Qb3 g5 19.Rfd1 g4 20.Be2 h5 21.Rd7 Rb8 22.Rad1 h4
23.gxf4 g3 24.fxg3 exf4 25.e5 fxg3 26.exf6 gxh2+ 27.Kh1 Rxf6 28.Qc2 Rxe6
29.Bc4 Nd5 30.Nxd5 Re1+ 31.Kxh2 cxd5 32.Rxg7+ Kxg7 33.Qc3+ Kh6 34.Rxe1  1-0

[Event "1st ITT LXSBC 2012"]
[Site "Sao Bernardo do Campo BRA"]
[Date "2012.07.08"]
[Round "9.4"]
[White "Abdalla,L"]
[Black "Martinez,Ay"]
[Result "1-0"]
[WhiteElo "2333"]
[BlackElo "2068"]

1.Nf3 Nf6 2.c4 g6 3.Nc3 Bg7 4.e4 d6 5.d4 O-O 6.Be2 e5 7.O-O Nc6 8.d5 Ne7
9.Ne1 Ne8 10.Be3 f5 11.f3 f4 12.Bf2 g5 13.c5 Ng6 14.a4 h5 15.a5 dxc5 16.Bxc5 Nd6
17.Nb5 a6 18.Nxd6 cxd6 19.Bb6 Qf6 20.Rc1 Rf7 21.Nd3 Bf8 22.Rc3 Bd7 23.Nf2 Nh4
24.Rc7 Be8 25.Qc2 g4 26.Rxf7 Bxf7 27.fxg4 f3 28.Bxf3 Nxf3+ 29.gxf3 Qxf3 30.Qd1 Qf4
31.gxh5 Bh6 32.Ng4 Qd2 33.Qxd2 Bxd2 34.Rf6 Rc8 35.Rxd6 Rc1+ 36.Kg2 Bg5 37.Be3 Bxe3
38.Nxe3 Bxh5 39.Rh6 Be2 40.Rb6 Rc7 41.Kf2 Bd3 42.d6 Rf7+ 43.Ke1 Bxe4 44.Ng4 Kg7
45.Nxe5 Rf8 46.d7 Rd8 47.Ke2 Bf5 48.Ke3 Bh3 49.Rxb7 Kf6 50.Kd4  1-0

[Event "Int Open ch-SVK 2012"]
[Site "Banska Stiavnica SVK"]
[Date "2012.07.09"]
[Round "3.24"]
[White "Hajek,Lu1"]
[Black "Kukel,I jr"]
[Result "1-0"]
[WhiteElo "2087"]
[BlackElo "2291"]

1.d4 Nf6 2.c4 g6 3.Nc3 Bg7 4.e4 d6 5.Be2 O-O 6.Nf3 e5 7.O-O Nc6 8.d5 Ne7
9.Ne1 Nd7 10.Nd3 f5 11.Bd2 Nf6 12.f3 f4 13.c5 g5 14.cxd6 cxd6 15.Nf2 Kh8
16.Qc2 Rf7 17.Nb5 Ne8 18.Rfc1 Bd7 19.a4 Ng8 20.Ra3 Nh6 21.Rc3 a6 22.Na3 Bf8
23.a5 Rg7 24.h3 Ng8 25.Nc4 h5 26.Nb6 g4 27.fxg4 hxg4 28.Nxd7 Qxd7 29.Bxg4 Qf7
30.Be6 Qg6 31.Ng4 Nh6 32.Be1 Nf6 33.Rc8 Rxc8 34.Qxc8 Nh7 35.Bf5 Nxf5 36.exf5 Qh5
37.Qe6 Ng5 38.Qf6 Be7 39.Rc8+ Kh7 40.Qxe7 Rxe7 41.Nf6+ Kh6 42.Nxh5 Kxh5 43.Rh8+ Nh7
44.Bb4 Kg5 45.Bxd6 Rd7 46.Bxe5 Kxf5 47.Bb8 Nf6 48.d6 Ne4 49.Rh6 Nd2 50.Bc7 Nc4
51.Kf2 Nxb2 52.Kf3 Nd3 53.Rh5+ Kg6 54.Rd5 Ne1+ 55.Kf2 Nc2 56.Rd2 Ne3 57.Kf3 Kg5
58.Rd4 Nf5 59.Rd5 Kf6 60.Kxf4 Nh4 61.g4 Ng6+ 62.Kg3 Ke6 63.Rd1 Ne5 64.h4 Rf7
65.g5 Rf3+ 66.Kg2 Re3 67.Rh1 Kf5 68.h5 Kg4 69.Kf2 Re4 70.Rg1+ Kxh5 71.g6 Rf4+
72.Ke3 Rf8 73.g7 Rg8 74.Kf4 Ng6+ 75.Kf5 Rxg7 76.Kf6 Rg8 77.d7 Rf8+ 78.Kg7 Rf5
79.Rxg6 Rd5 80.Rh6+ Kg5 81.d8=Q+ Rxd8 82.Bxd8+ Kf5 83.Bc7 Ke4 84.Rh5 Kd4
85.Kf6 Ke4 86.Bb6 Kd3 87.Rh4 Kc3 88.Ke5 Kd3 89.Kd5 Kc3 90.Kc5 Kb3 91.Bc7 Ka3
92.Rb4 Ka2 93.Kc4 Ka3 94.Kc3 Ka2 95.Ra4+ Kb1 96.Bb6 Kc1 97.Ra1+  1-0

[Event "34th Oberwart Open A"]
[Site "Oberwart AUT"]
[Date "2012.07.09"]
[Round "3.21"]
[White "Liedl,W"]
[Black "Smideliusz,M"]
[Result "1-0"]
[WhiteElo "2255"]
[BlackElo "2039"]

1.d4 Nf6 2.c4 g6 3.Nc3 Bg7 4.e4 d6 5.Nf3 O-O 6.Be2 e5 7.O-O Nc6 8.d5 Ne7
9.Ne1 Nd7 10.Be3 f5 11.f3 f4 12.Bf2 g5 13.Rc1 Rf6 14.c5 dxc5 15.b4 Rh6 16.bxc5 Qe8
17.Kh1 Qh5 18.Bg1 Nf6 19.Nd3 g4 20.fxg4 Nxg4 21.Nf2 Nxf2+ 22.Rxf2 Qe8 23.Bg4 Bxg4
24.Qxg4 Rd8 25.Rd1 Qg6 26.Qxg6 Rxg6 27.Rb2 b6 28.d6 cxd6 29.cxb6 axb6 30.Rxb6 Bf8
31.a4 Nc8 32.Rb8 Rg7 33.Nd5 Kf7 34.Rc1  1-0

[Event "35th Barbera Open A"]
[Site "Barbera del Valles ESP"]
[Date "2012.07.10"]
[Round "7.36"]
[White "Moreto Quintana,A"]
[Black "Jareno Badenas,A"]
[Result "1/2-1/2"]
[WhiteElo "2166"]
[BlackElo "2002"]

1.Nf3 Nf6 2.c4 g6 3.Nc3 Bg7 4.d4 O-O 5.e4 d6 6.Be2 e5 7.O-O Nc6 8.d5 Ne7
9.b4 Nh5 10.g3 f5 11.Ng5 Nf6 12.f3 f4 13.b5 h5 14.c5 dxc5 15.Bc4 Kh8 16.d6 Qxd6
17.Nf7+ Rxf7 18.Qxd6 cxd6 19.Bxf7 fxg3 20.Rd1 gxh2+ 21.Kxh2 Bd7 22.Rxd6 Rf8
23.Bc4 Nc8 24.Rd1 Nb6 25.Be2 Be6 26.a4 Bb3 27.Rg1 Kh7 28.Bd1 Bc4 29.a5 Nbd7
30.Ra4 Be6 31.Be2 Bb3 32.Ra3 Bg8 33.Rd1 Rc8 34.Na4 Bf8 35.Be3 c4 36.Raa1 c3
37.Bxa7 c2 38.Rdc1 Bh6 39.Nb6 Nxb6 40.Bxb6 Nd7 41.Bf2 Bxc1 42.Rxc1 b6 43.a6 Bb3
44.Bd3 Ba4 45.Be3 Kg7 46.Kg3 Nc5 47.Bc4 Nxa6 48.bxa6 Rxc4 49.Bxb6 Bc6 50.Bc7 Ra4
51.Bxe5+ Kf7 52.Rxc2 Rxa6 53.Bf4 Bd7 54.Bg5 Ra1 55.Rc7 Rg1+ 56.Kf4 Ke6 57.Ra7 Rd1
58.Ra8 Kf7 59.Ke5 Bh3 60.Ra6 Rd7 61.Rf6+ Kg7 62.Rf4 Rd3 63.Rf6 Bg2 64.Ra6 Rd7
65.Bf6+ Kh6 66.Ra8 Bxf3 67.Kf4 Bg4 68.Rh8+ Rh7 69.Rg8 Rf7 70.e5 Be6 71.Rh8+ Rh7
72.Re8 Bd7 73.Rd8 Rf7 74.Rh8+ Rh7 75.Rg8 Rf7 76.Ke4 Be6 77.Re8 Bd7 78.Rd8 Bc6+
79.Kf4 Bd7 80.Ke4 Bc6+ 81.Kd4 Rd7+ 82.Ke3 Rxd8  1/2-1/2

[Event "Werner-Ott-Open 2012"]
[Site "Berlin GER"]
[Date "2012.07.10"]
[Round "4.11"]
[White "Bornschein,B"]
[Black "Glantz,R"]
[Result "0-1"]
[WhiteElo "1971"]
[BlackElo "2286"]

1.d4 Nf6 2.c4 g6 3.Nc3 Bg7 4.e4 d6 5.Nf3 O-O 6.Be2 e5 7.O-O Nc6 8.d5 Ne7
9.b4 Nh5 10.Re1 a5 11.bxa5 f5 12.a4 Rxa5 13.Ra3 Nf4 14.Bf1 fxe4 15.Nxe4 b6
16.Bd2 Ra8 17.h3 h6 18.Kh2 Qd7 19.Ng1 Qe8 20.g3 Nh5 21.a5 Nf6 22.f3 Nf5 23.Bg2 Qf7
24.Qc1 bxa5 25.f4 exf4 26.Nxf6+ Bxf6 27.gxf4 a4 28.c5 Nd4 29.cxd6 cxd6 30.Qc4 Bd7
31.Be4 Nf5 32.Bb4 Rfc8 33.Qe2 Rab8 34.Rb1 Qe7 35.Qg2 Nh4 36.Qh1 Rc4  0-1

[Event "5th Int ch-Central Serbia 2012"]
[Site "Paracin SRB"]
[Date "2012.07.10"]
[Round "5.15"]
[White "Kislik,E"]
[Black "Nenezic,M"]
[Result "1-0"]
[WhiteElo "2408"]
[BlackElo "2346"]

1.d4 Nf6 2.c4 g6 3.Nc3 Bg7 4.e4 d6 5.Nf3 O-O 6.Be2 e5 7.O-O Nc6 8.d5 Ne7
9.b4 Nh5 10.Re1 f5 11.Rb1 a5 12.b5 h6 13.b6 cxb6 14.Be3 Ra6 15.Qb3 Nf4 16.Bxf4 exf4
17.e5 a4 18.Nxa4 Rxa4 19.Qxa4 dxe5 20.Qb3 e4 21.Qxb6 Qxb6 22.Rxb6 exf3 23.Bxf3 Bd4
24.Rb5 Bf6 25.d6 Nc6 26.Bd5+ Kh8 27.Bxc6 bxc6 28.Rb8 Kg7 29.a4 Rd8 30.d7 Rxd7
31.Rxc8 Bc3 32.Rb1 Rd2 33.Rxc6 h5 34.h4 Bd4 35.Rf1 Ra2 36.Rd6 Bf6 37.c5 Rxa4
38.Rc1 Bb2 39.Rb1 Be5 40.Rb7+ Kh6 41.Rdd7 Ra1+ 42.Kh2 f3+ 43.g3  1-0

[Event "Turkish Bank Chess League 2012"]
[Site "Konya TUR"]
[Date "2012.07.11"]
[Round "1"]
[White "Koksal,E"]
[Black "Arat,Uf"]
[Result "1/2-1/2"]
[WhiteElo "2254"]
[BlackElo "2139"]

1.d4 g6 2.c4 Bg7 3.e4 d6 4.Be2 Nf6 5.Nc3 O-O 6.Nf3 e5 7.O-O Nc6 8.Be3 Ng4
9.Bg5 f6 10.Bc1 f5 11.dxe5 Ngxe5 12.Nxe5 Bxe5 13.exf5 Bxf5 14.Be3 Qh4 15.g3 Qf6
16.Bf3 Bh3 17.Bd5+ Kh8 18.Re1 Bd4 19.Ne4 Qg7 20.Bxc6 Bxe3 21.Rxe3 bxc6 22.Qe2 Rab8
23.Nc3 Bf5 24.Re1 Qd4 25.b3 Rf7 26.Ne4 Re7 27.Ng5 Rxe3 28.Qxe3 Qxe3 29.Rxe3 Bb1
30.Re7 Bxa2 31.Rxc7 Bxb3 32.Nf7+ Kg8 33.Nxd6 a5 34.Rxc6 Ra8 35.Nb5 a4 36.Na3 Rd8
37.f4 Rd1+ 38.Kf2 Ra1 39.Nb5 a3 40.Nd4 Bd1 41.Ra6 Bg4 42.Ke3 Bf5 43.Kd2 a2
44.Kc3 Rd1 45.Nb3 Bb1 46.c5 Rh1 47.c6 Rxh2 48.Nd2 Rg2 49.c7 Rxg3+ 50.Kb2 Bf5
51.Rxa2 Rd3 52.Nc4 Rd4 53.Ra8+ Kg7 54.Kc3 Rxf4 55.Ne3 Bh3 56.c8=Q Bxc8 57.Rxc8 h5
58.Rc4 Rf2 59.Kd3 g5 60.Rc2 Rf6 61.Nd5 Re6 62.Re2 Ra6 63.Re5 Kg6 64.Ke4 Ra4+
65.Kf3 g4+ 66.Kg3 Ra3+ 67.Re3  1/2-1/2

[Event "Werner-Ott-Open 2012"]
[Site "Berlin GER"]
[Date "2012.07.12"]
[Round "6.24"]
[White "Kurka,Dieter"]
[Black "Bieg,Pascal"]
[Result "0-1"]
[WhiteElo "2123"]
[BlackElo "1758"]

1.d4 Nf6 2.c4 g6 3.Nc3 Bg7 4.e4 d6 5.Nf3 O-O 6.Be2 e5 7.O-O Nc6 8.d5 Ne7
9.Ne1 Nd7 10.Be3 f5 11.f3 f4 12.Bf2 g5 13.a4 Ng6 14.a5 Rf7 15.Nb5 Nf6 16.Nxa7 g4
17.Nxc8 g3 18.hxg3 Nh5 19.Kh2 fxg3+ 20.Bxg3 Nxg3 21.Nxd6 cxd6 22.Nd3 Qh4+
23.Kg1 Bh6 24.f4 Nxf4 25.Rxf4 Bxf4 26.Nxf4 Rxf4 27.Bf3 Rxa5  0-1

[Event "87th ch-Paris IdF Open"]
[Site "Paris FRA"]
[Date "2012.07.12"]
[Round "6.4"]
[White "Shchekachev,A"]
[Black "Bissieres,M"]
[Result "1-0"]
[WhiteElo "2528"]
[BlackElo "2346"]

1.Nf3 Nf6 2.c4 g6 3.Nc3 Bg7 4.e4 d6 5.d4 O-O 6.Be2 e5 7.O-O Nc6 8.d5 Ne7
9.b4 Nh5 10.g3 f5 11.Ng5 Nf6 12.Bf3 h6 13.Ne6 Bxe6 14.dxe6 c6 15.b5 fxe4
16.Bg2 d5 17.Ba3 Re8 18.Qa4 Qc8 19.bxc6 bxc6 20.cxd5 Nexd5 21.Nxe4 Nxe4 22.Qxe4 Qxe6
23.Rac1 Rac8 24.Rc2 Kh7 25.Rfc1 Nf6 26.Qa4 e4 27.Rxc6 Rxc6 28.Rxc6 Qxa2 29.Rxf6 Bxf6
30.Qxe8 Qa1+ 31.Bf1 Qxa3 32.Qxe4 Qe7 33.Qd5 Bg7 34.Bd3 Qe5 35.Qf7 Qf6 36.Qe8 h5
37.h4 a5 38.Kg2 Kh6 39.Qe3+ Kh7 40.Qe8 Kh6 41.Be4 Qa6 42.Qd8 Bf6 43.Qf8+ Kh7
44.Qf7+ Bg7 45.Qd5 Qe2 46.Qc6 Kg8 47.Qxg6 Qc4 48.Qf5 Qe2 49.Qd5+ Kf8 50.Bg6  1-0

[Event "87th ch-Paris IdF Open"]
[Site "Paris FRA"]
[Date "2012.07.13"]
[Round "7.15"]
[White "Berthier,H"]
[Black "White,Mi"]
[Result "0-1"]
[WhiteElo "2202"]
[BlackElo "2339"]

1.d4 Nf6 2.c4 g6 3.Nc3 Bg7 4.e4 d6 5.Nf3 O-O 6.Be2 e5 7.O-O Nc6 8.d5 Ne7
9.b4 Ne8 10.c5 f5 11.Nd2 Nf6 12.f3 f4 13.Nc4 g5 14.a4 Ng6 15.Ba3 Rf7 16.b5 dxc5
17.Bxc5 h5 18.a5 g4 19.Bf2 g3 20.hxg3 fxg3 21.Bxg3 h4 22.Bh2 Nh5 23.Re1 Bh6
24.Bf1 Bf4 25.Ne3 Qg5 26.Bxf4 Ngxf4 27.Ng4 Bxg4 28.fxg4 Nf6 29.Be2 Nh3+ 30.gxh3 Qe3+
31.Kh1 Qxh3+ 32.Kg1 Nxg4 33.Bxg4 Qg3+ 34.Kh1 Rf2 35.Be6+ Kf8  0-1

[Event "2nd Science Park Open A"]
[Site "Amsterdam NED"]
[Date "2012.07.14"]
[Round "1"]
[White "Hovenga,A"]
[Black "Hoffman,Ro"]
[Result "1-0"]
[WhiteElo "2247"]
[BlackElo "2096"]

1.d4 Nf6 2.c4 g6 3.Nc3 Bg7 4.e4 d6 5.Nf3 O-O 6.Be2 e5 7.O-O Nc6 8.d5 Ne7
9.Ne1 Nd7 10.f3 f5 11.Be3 f4 12.Bf2 g5 13.Rc1 Ng6 14.c5 Nxc5 15.b4 Na6 16.Nd3 Rf7
17.a4 Bf8 18.Nb5 b6 19.Rc4 h5 20.Qc2 g4 21.Kh1 g3 22.Bg1 gxh2 23.Bf2 Nh4
24.Kxh2 Rg7 25.Rg1 Qg5 26.Ne1 c5 27.dxc6 Be6 28.Nc3 Kh8 29.g3 fxg3+ 30.Rxg3 Qf4
31.Nd5 Rxg3 32.Nxf4 exf4 33.Bxg3 fxg3+ 34.Kxg3 Be7 35.Rd4 Rg8+ 36.Kf2 Nc7
37.Qd2 Kh7 38.Rxd6 Ng6 39.Rd7 Rg7 40.Rxe7 Rxe7 41.Qg5 h4 42.f4 Rf7 43.f5 Ne7
44.Qxh4+ Kg8 45.Qg3+  1-0

[Event "16th Godesburg Open"]
[Site "Bad Godesberg GER"]
[Date "2012.07.14"]
[Round "8.15"]
[White "Meul,W"]
[Black "Jantz,H"]
[Result "1/2-1/2"]
[WhiteElo "1860"]
[BlackElo "2043"]

1.d4 Nf6 2.Nf3 g6 3.c4 Bg7 4.Nc3 O-O 5.e4 d6 6.Be2 Nc6 7.O-O e5 8.h3 Bd7
9.Be3 Re8 10.d5 Ne7 11.Qd2 Rf8 12.b4 Nxe4 13.Nxe4 f5 14.Nxe5 dxe5 15.Nc3 f4
16.Bc5 b6 17.Bxe7 Qxe7 18.Ne4 Bf5 19.f3 Rfd8 20.Rfd1 a5 21.b5  1/2-1/2

[Event "11th Condom Open A"]
[Site "Condom FRA"]
[Date "2012.07.14"]
[Round "1.6"]
[White "Lebraud,E"]
[Black "Bujisho,B"]
[Result "0-1"]
[WhiteElo "2032"]
[BlackElo "2391"]

1.d4 Nf6 2.c4 g6 3.Nc3 Bg7 4.e4 d6 5.Nf3 O-O 6.Be2 e5 7.O-O Nc6 8.d5 Ne7
9.Ne1 Nd7 10.Be3 f5 11.f3 f4 12.Bf2 g5 13.Nd3 Nf6 14.c5 h5 15.h3 Rf7 16.Rc1 Bf8
17.cxd6 cxd6 18.Nb5 g4 19.Nc7 gxh3 20.gxh3 Bxh3 21.Kh2 Rc8 22.Rg1+ Rg7 23.Rxg7+ Bxg7
24.Nb5 Rxc1 25.Qxc1 Bc8 26.Nxa7 Bd7 27.Nb4 Ng4+ 28.fxg4 hxg4 29.Bxg4 Bxg4
30.Qg1 Bf3 31.Qg5 Qe8 32.Bh4 Ng6 33.Qd8 Qxd8 34.Bxd8 Bxe4 35.Nc8 Bf8 36.Bc7 f3
37.Kg3 Nh4 38.Kf2 Nf5 39.Nb6 Be7  0-1

[Event "2nd Science Park Open A"]
[Site "Amsterdam NED"]
[Date "2012.07.16"]
[Round "3"]
[White "Stork,O"]
[Black "Hoffman,Ro"]
[Result "1-0"]
[WhiteElo "2136"]
[BlackElo "2096"]

1.d4 Nf6 2.c4 g6 3.Nc3 Bg7 4.e4 d6 5.Nf3 O-O 6.Be2 e5 7.O-O Nc6 8.d5 Ne7
9.b4 a5 10.Ba3 Nd7 11.bxa5 b6 12.axb6 Rxa3 13.Nb5 Ra6 14.bxc7 Qe8 15.Qc2 Nc5
16.Nd2 f5 17.Bf3 g5 18.Nb3 g4 19.Be2 Nxe4 20.c5 dxc5 21.Nxc5 Rh6 22.Nxe4 fxe4
23.Qxe4 Bf5 24.Qc4 Kh8 25.a4 e4 26.Ra3 Be5 27.Rg3 e3 28.fxe3 Bxg3 29.hxg3 Qh5
30.Rf4 Qh1+ 31.Kf2 Qa1 32.e4 Rh1 33.Qd4+ Qxd4+ 34.Nxd4 Rc1 35.d6 Nc8 36.Rxf5 Rg8
37.e5 Kg7 38.Rg5+ Kf7 39.Rxg8  1-0

[Event "ch-NOR 2012"]
[Site "Sandefjord NOR"]
[Date "2012.07.16"]
[Round "9.1"]
[White "Hole,O"]
[Black "Lie,Es"]
[Result "0-1"]
[WhiteElo "2356"]
[BlackElo "2455"]

1.Nf3 Nf6 2.c4 g6 3.Nc3 Bg7 4.e4 d6 5.d4 O-O 6.Be2 e5 7.O-O Nc6 8.d5 Ne7
9.b4 Ne8 10.c5 f5 11.Nd2 Nf6 12.f3 f4 13.Nc4 g5 14.a4 Ng6 15.Ba3 Rf7 16.b5 dxc5
17.Bxc5 Bf8 18.Bf2 h5 19.a5 g4 20.b6 Qe8 21.bxc7 g3 22.hxg3 fxg3 23.Bxg3 h4
24.Bf2 Rg7 25.Ne3 Nf4 26.Ng4 Nxg4 27.fxg4 h3 28.Be3 hxg2 29.Rxf4 exf4 30.Bxf4 Bc5+
31.Kxg2 Bxg4 32.Bxg4 Qh5 33.Bg3 Rxg4 34.e5 Rxg3+ 35.Kxg3 Qxe5+ 36.Kg2 Qg5+
37.Kh3 Kg7  0-1

[Event "2nd Science Park Open A"]
[Site "Amsterdam NED"]
[Date "2012.07.17"]
[Round "4"]
[White "Arjun,B"]
[Black "Richardson,Kei"]
[Result "1-0"]
[WhiteElo "2250"]
[BlackElo "2126"]

1.Nf3 g6 2.c4 Bg7 3.Nc3 Nf6 4.e4 d6 5.d4 O-O 6.Be2 e5 7.O-O Nc6 8.d5 Ne7
9.Ne1 Nd7 10.Be3 f5 11.f3 f4 12.Bf2 g5 13.g4 fxg3 14.hxg3 Ng6 15.Qd2 h5 16.Be3 Bf6
17.Nd3 Rf7 18.Rf2 h4 19.gxh4 Nf4 20.hxg5 Nh3+ 21.Kf1 Nxf2 22.Kxf2 Bg7 23.Rg1 b6
24.Nb4 Nb8 25.g6 Rf8 26.Bg5 Qe8 27.Nc6 Nxc6 28.dxc6 Qxg6 29.Bh6  1-0

[Event "Sparkassen Open A"]
[Site "Dortmund GER"]
[Date "2012.07.17"]
[Round "4.3"]
[White "Podzielny,KH"]
[Black "Schmitz,Philipp"]
[Result "1-0"]
[WhiteElo "2438"]
[BlackElo "2053"]

1.d4 Nf6 2.Nf3 g6 3.c4 Bg7 4.Nc3 d6 5.e4 O-O 6.Be2 e5 7.O-O Nc6 8.d5 Ne7
9.b4 c6 10.Nd2 a5 11.bxa5 Qxa5 12.Qc2 Nd7 13.Nb3 Qd8 14.Rd1 c5 15.Nb5 Ra6
16.Be3 f5 17.f3 Nf6 18.Kh1 fxe4 19.fxe4 Ng4 20.Bxg4 Bxg4 21.Rf1 Nc8 22.Rxf8+ Qxf8
23.a4 Bh6 24.Bxh6 Qxh6 25.Qf2 Qf4 26.Qxf4 exf4 27.e5 b6 28.e6 Be2 29.Nd2 Kf8
30.h4 Ke7 31.Kg1 Bd3 32.Kf2 Bc2 33.Nc3 Na7 34.Kf3 Bd3 35.Ra2 Nc8 36.Kxf4 h5
37.Ke3 Bf5 38.Nde4 Ra5 39.Rf2 Ra8 40.Ng3 Kf6 41.Nce4+ Ke5 42.Nxf5 gxf5 43.Nc3 Ra7
44.Re2 Rg7 45.Nb5 Rg4 46.Kf3+ Kf6 47.e7 Nxe7 48.Re6+ Kf7 49.Nxd6+ Kf8 50.Rf6+ Kg8
51.g3 Rd4 52.Re6  1-0

[Event "Corporation Centre Cup A"]
[Site "Izhevsk RUS"]
[Date "2012.07.17"]
[Round "3"]
[White "Aleksandrov,A"]
[Black "Matinian,N"]
[Result "1/2-1/2"]
[WhiteElo "2602"]
[BlackElo "2425"]

1.d4 Nf6 2.c4 g6 3.Nc3 Bg7 4.e4 d6 5.Be2 O-O 6.Nf3 e5 7.O-O Nc6 8.d5 Ne7
9.b4 Nh5 10.c5 Nf4 11.Bxf4 exf4 12.Rc1 a5 13.b5 dxc5 14.Qd2 Bh6 15.h3 g5
16.e5 Bf5 17.Rfd1 Ng6 18.d6 cxd6 19.exd6 b6 20.Bd3 Bxd3 21.Qxd3 f5 22.Qd5+ Kh8
23.d7 g4 24.Ne5 Nxe5 25.Qxe5+ Bg7 26.Qxf4 Ra7 27.hxg4 Rxd7 28.gxf5 Bxc3 29.Rxd7 Qxd7
30.Rxc3 Qd1+ 31.Kh2 Qh5+ 32.Kg1 Qd1+ 33.Kh2 Qh5+ 34.Rh3 Qxf5 35.Qxf5 Rxf5
36.Kg1 Kg7  1/2-1/2

[Event "ch-SUI Hauptturnier 1 2012"]
[Site "Flims SUI"]
[Date "2012.07.18"]
[Round "7"]
[White "Sher,M"]
[Black "Colmenares,A"]
[Result "1-0"]
[WhiteElo "2410"]
[BlackElo "2268"]

1.c4 Nf6 2.Nf3 g6 3.Nc3 Bg7 4.e4 d6 5.d4 O-O 6.Be2 e5 7.O-O Nc6 8.d5 Ne7
9.b4 Nh5 10.g3 f5 11.Ng5 Nf6 12.Bf3 c6 13.Bg2 h6 14.Ne6 Bxe6 15.dxe6 fxe4
16.b5 d5 17.Ba3 Re8 18.cxd5 Nexd5 19.Nxe4 Nxe4 20.Bxe4 Rxe6 21.Qb3 Kh7 22.Rad1 Qb6
23.Bxd5 cxd5 24.Rxd5 Ree8 25.Rfd1 Rad8 26.h4 h5 27.Bc5 Qa5 28.Rxd8 Rxd8 29.Rxd8 Qxd8
30.Bxa7 Qd7 31.a4 e4 32.a5 Bh6 33.Bb6 e3 34.fxe3 Qf5 35.Kg2 g5 36.hxg5 Bxg5
37.Qc4 Qb1 38.Bc5 Qb2+ 39.Kh3  1-0